Śatadru. (Record no. 70998)

MARC details
000 -LEADER
fixed length control field 00468cam a22002051 4500
001 - CONTROL NUMBER
control field sa 66007197
003 - CONTROL NUMBER IDENTIFIER
control field DLC
005 - DATE AND TIME OF LATEST TRANSACTION
control field 20260227112302.0
008 - FIXED-LENGTH DATA ELEMENTS--GENERAL INFORMATION
fixed length control field 881028s1966 xx 000 0 beno
010 ## - LIBRARY OF CONGRESS CONTROL NUMBER
LC control number sa 66007197
035 ## - SYSTEM CONTROL NUMBER
System control number (OCoLC)23565777
040 ## - CATALOGING SOURCE
Original cataloging agency DLC
Transcribing agency MiU
Modifying agency DLC
042 ## - AUTHENTICATION CODE
Authentication code premarc
050 00 - LIBRARY OF CONGRESS CALL NUMBER
Classification number PK1718.R313
Item number S3
100 1# - MAIN ENTRY--PERSONAL NAME
Personal name Ray, Sushil,
Dates associated with a name 1915-
245 10 - TITLE STATEMENT
Title Śatadru.
260 ## - PUBLICATION, DISTRIBUTION, ETC.
Date of publication, distribution, etc. [1966]
300 ## - PHYSICAL DESCRIPTION
Extent 107 p.
Dimensions 23 cm.
500 ## - GENERAL NOTE
General note Romanized.

No items available.

Powered by Koha